LDR 01225naa#a2200205#i#450# 001 RU\FGKOU VO SPBU MVD ROSSII\bibl\125803 005 20260701095045.3 011 ## _a2071-8284 100 ## _a20260630b2026####ek#y0rusy0150####ca 101 0# _aRUS 102 ## _aRU 200 1# _aПраво на собрания: условия реализации гражданской свободы в контексте обеспечения устойчивости государственного строя (в оценке российских полицеистов начала ХХ века) _eЖурнальная статья 210 1# _aСанкт-Петербург _cСАНКТ-ПЕТЕРБУРГСКИЙ УНИВЕРСИТЕТ МИНИСТЕРСТВА ВНУТРЕННИХ ДЕЛ РОССИЙСКОЙ ФЕДЕРАЦИИ _d2026 215 ## _a16 с. 608 ## _aЖурнальная статья _2local 675 ## _aИсторические типы и системы права. 340.15 _zRUS 686 ## _aТеория государства и права. 10.07 _2grnti 700 #1 _aНижник _gНадежда Степановна 700 #1 _aКозинникова _gЕкатерина Николаевна 856 4# _avestnikspbmvd.ru _u